[Event "SVK-chT4 A21 2122"]
[Site "Slovakia"]
[Date "2021.10.31"]
[Round "2.2"]
[White "Piestansky, Jan"]
[Black "Damborsky, Pavol"]
[Result "1/2-1/2"]
[WhiteElo "1579"]
[BlackElo "1546"]
[PlyCount "48"]
[EventDate "2021.10.17"]
[EventType "team-tourn"]
[EventRounds "11"]
[EventCountry "SVK"]
[SourceTitle "EXT 2023"]
[Source "ChessBase"]
[SourceDate "2022.10.05"]
[SourceVersion "1"]
[SourceVersionDate "2022.10.05"]
[SourceQuality "1"]
[WhiteTeam "Chtelnica Kamenar"]
[BlackTeam "Kopcany"]
[WhiteTeamCountry "SVK"]
[BlackTeamCountry "SVK"]

1. e4 e5 2. Nf3 d6 3. h3 Nc6 4. Bc4 a6 5. c3 Be6 6. Bb3 h6 7. d3 Nf6 8. Bc2 Be7 9. Be3 0-0 10. 0-0 b5 11. Nh2 d5 12. f4 exf4 13. Bxf4 dxe4 14. dxe4 Qxd1 15. Rxd1 Bc5+ 16. Kh1 Bb6 17. Nd2 Rfd8 18. Nhf1 Rd7 19. Nb3 Rxd1 20. Rxd1 Rd8 21. Rxd8+ Nxd8 22. Be3 Bxb3 23. axb3 Ne6 24. Bxb6 cxb6 1/2-1/2

[Event "SVK-chT4 A21 1819"]
[Site "Slovakia"]
[Date "2018.11.11"]
[Round "3.4"]
[White "Romanova, Ela"]
[Black "Piestansky, Jan"]
[Result "1/2-1/2"]
[WhiteElo "1362"]
[BlackElo "1642"]
[PlyCount "141"]
[EventDate "2018.10.14"]
[EventType "team-tourn"]
[EventRounds "11"]
[EventCountry "SVK"]
[SourceTitle "CBM 189 Extra"]
[Source "ChessBase"]
[SourceDate "2019.06.03"]
[SourceVersion "1"]
[SourceVersionDate "2019.06.03"]
[SourceQuality "1"]
[WhiteTeam "Skalica III"]
[BlackTeam "Chtelnica Kamenar"]
[WhiteTeamCountry "SVK"]
[BlackTeamCountry "SVK"]

1. e4 e5 2. Nf3 d6 3. Bc4 h6 4. h3 Nf6 5. Nc3 Be7 6. 0-0 0-0 7. d4 exd4 8. Nxd4 Bd7 9. Be3 Nc6 10. f3 Ne5 11. Bb3 a6 12. Qe1 c5 13. Nde2 Qc8 14. a3 Be6 15. Bxe6 fxe6 16. Bf4 Ng6 17. Bg3 Qc6 18. Rd1 Rad8 19. Nf4 Nxf4 20. Bxf4 Qb6 21. b3 Nh5 22. Be3 Qc7 23. Rd3 Nf4 24. Rd1 Ng6 25. Qg3 Kh7 26. Ne2 Rf7 27. c4 Bf8 28. Rd3 e5 29. Rfd1 Qe7 30. Bxc5 Nf4 31. Nxf4 exf4 32. Qf2 Qe6 33. Bb4 Rdd7 34. Qb6 Rf6 35. Bc3 Rff7 36. c5 Rc7 37. cxd6 Rc6 38. Qb4 Rd7 39. e5 g5 40. Qe4+ Kg8 41. Bb2 Bg7 42. Qd5 Qxd5 43. Rxd5 Kf7 44. Re1 Ke6 45. Rdd1 Rc5 46. Rc1 Rxc1 47. Bxc1 b5 48. Bb2 Rd8 49. Kf2 Rc8 50. Re2 Rc5 51. Rd2 Rc8 52. Re2 Rd8 53. g3 fxg3+ 54. Kxg3 h5 55. f4 gxf4+ 56. Kxf4 Bh6+ 57. Kg3 Bg5 58. Rf2 Rg8 59. Kf3 Bh4 60. Rf1 Rg3+ 61. Ke4 Rxb3 62. Bc1 Rxh3 63. Rf5 Bd8 64. Rf8 Rh4+ 65. Kd3 Rh3+ 66. Kc2 Bh4 67. Re8+ Kd7 68. Ra8 Bg3 69. Bb2 Rh2+ 70. Kb3 Re2 71. Ra7+ 1/2-1/2

[Event "SVK-chT4 A21 1617"]
[Site "Slovakia"]
[Date "2016.11.06"]
[Round "3.4"]
[White "Piestansky, Jan"]
[Black "Ulehla, Jakub"]
[Result "0-1"]
[WhiteElo "1652"]
[BlackElo "1588"]
[PlyCount "101"]
[EventDate "2016.10.09"]
[EventType "team-tourn"]
[EventRounds "11"]
[EventCountry "SVK"]
[SourceTitle "CBM 175 Extra"]
[Source "ChessBase"]
[SourceDate "2016.12.12"]
[SourceVersion "1"]
[SourceVersionDate "2016.12.12"]
[SourceQuality "1"]
[WhiteTeam "Chtelnica Kamenar"]
[BlackTeam "Senica CVC II"]
[WhiteTeamCountry "SVK"]
[BlackTeamCountry "SVK"]

1. e4 c5 2. Bc4 Nc6 3. Nf3 g6 4. c3 Bg7 5. Bb3 d6 6. h3 e6 7. d3 Nge7 8. Be3 0-0 9. 0-0 Bd7 10. Nbd2 Rc8 11. Rc1 b5 12. a3 a5 13. Re1 b4 14. axb4 axb4 15. Nc4 Qc7 16. Bf4 e5 17. Bd2 bxc3 18. Bxc3 Kh8 19. Ra1 f5 20. exf5 Nxf5 21. Ne3 Nfd4 22. Bxd4 cxd4 23. Nf1 Qb6 24. Ng5 Nd8 25. Ne4 Ne6 26. Nfd2 Qc6 27. Ba4 Qc7 28. b3 d5 29. Ng3 Nf4 30. Ndf1 Qd6 31. Qd2 Bh6 32. Qd1 Rc3 33. Bxd7 Qxd7 34. Rxe5 Nxd3 35. Re2 Rfc8 36. Rea2 Qf7 37. b4 Rb8 38. Rb1 Rf8 39. f3 Nc1 40. Rc2 Rxc2 41. Qxc2 Qa7 42. Kh1 Na2 43. b5 Nc3 44. Rb3 Qb6 45. Ne2 Bg7 46. Qd3 Rd8 47. Nd2 Re8 48. Ng1 Re3 49. Qc2 Re1 50. Nb1 d3 51. Qxd3 0-1

[Event "SVK-chT4 A21 1617"]
[Site "Slovakia"]
[Date "2016.10.09"]
[Round "1.4"]
[White "Piestansky, Jan"]
[Black "Jancovicova, Petra"]
[Result "0-1"]
[WhiteElo "1652"]
[BlackElo "1666"]
[PlyCount "36"]
[EventDate "2016.10.09"]
[EventType "team-tourn"]
[EventRounds "11"]
[EventCountry "SVK"]
[SourceTitle "CBM 175 Extra"]
[Source "ChessBase"]
[SourceDate "2016.12.12"]
[SourceVersion "1"]
[SourceVersionDate "2016.12.12"]
[SourceQuality "1"]
[WhiteTeam "Chtelnica Kamenar"]
[BlackTeam "Vrbove II"]
[WhiteTeamCountry "SVK"]
[BlackTeamCountry "SVK"]

1. e4 e5 2. Bc4 Nf6 3. d3 Nc6 4. c3 Be7 5. Bb3 d5 6. exd5 Nxd5 7. h3 0-0 8. Nf3 Bf5 9. Bc2 Qd7 10. Be3 Rad8 11. d4 Bxc2 12. Qxc2 exd4 13. Nxd4 Bh4 14. Nf3 Nxe3 15. Qa4 Nc2+ 16. Qxc2 Rfe8+ 17. Kf1 Qd1+ 18. Qxd1 Rxd1+ 0-1

[Event "SVK-chT4 A21 1516"]
[Site "Slovakia"]
[Date "2016.02.07"]
[Round "8.5"]
[White "Piestansky, Jan"]
[Black "Kovarik, Otto"]
[Result "0-1"]
[WhiteElo "1689"]
[BlackElo "1812"]
[PlyCount "106"]
[EventDate "2015.10.04"]
[EventType "team-tourn"]
[EventRounds "11"]
[EventCountry "SVK"]
[SourceTitle "EXT 2017"]
[Source "ChessBase"]
[SourceDate "2016.10.25"]
[SourceVersion "1"]
[SourceVersionDate "2016.10.25"]
[SourceQuality "1"]
[WhiteTeam "Chtelnica Kamenar"]
[BlackTeam "Holic"]
[WhiteTeamCountry "SVK"]
[BlackTeamCountry "SVK"]

1. e4 c5 2. Bc4 e6 3. c3 d5 4. exd5 exd5 5. Bb3 Nf6 6. h3 Nc6 7. d3 Bd6 8. Qe2+ Be6 9. Nf3 0-0 10. 0-0 Re8 11. Qd1 Bc7 12. Bg5 h6 13. Bh4 Qd7 14. Bg3 Bxg3 15. fxg3 Qd6 16. g4 Bxg4 17. Bxd5 Qxd5 18. hxg4 Nxg4 19. Re1 Rxe1+ 20. Qxe1 Qxd3 21. Nbd2 Rd8 22. Qe4 Qxe4 23. Nxe4 b6 24. Re1 f6 25. Nf2 Nxf2 26. Kxf2 Kf7 27. g3 h5 28. Re2 g5 29. a3 Rd5 30. Kg2 b5 31. Rf2 Kg6 32. Re2 Ne5 33. Nxe5+ Rxe5 34. Rd2 a5 35. Kf3 Kf5 36. Rd8 c4 37. Rh8 g4+ 38. Kf2 Ke4 39. Rd8 Rd5 40. Re8+ Kf5 41. Re2 Kg5 42. Kg2 h4 43. gxh4+ Kxh4 44. Rf2 f5 45. Kg1 Kg3 46. Rg2+ Kf3 47. Rf2+ Ke3 48. Rf1 f4 49. Re1+ Kd2 50. Rf1 f3 51. Kf2 Kc2 52. Kg3 Kxb2 53. Kxg4 Rd3 0-1

[Event "SVK-chT4A21 1314"]
[Site "Slovakia"]
[Date "2013.10.06"]
[Round "1.4"]
[White "Huska, Branislav"]
[Black "Piestansky, Jan"]
[Result "1-0"]
[WhiteElo "1575"]
[BlackElo "1658"]
[PlyCount "139"]
[EventDate "2013.10.06"]
[EventType "team-tourn"]
[EventRounds "11"]
[EventCountry "SVK"]
[SourceTitle "EXT 2022"]
[Source "ChessBase"]
[SourceDate "2021.10.06"]
[SourceVersion "1"]
[SourceVersionDate "2021.10.06"]
[SourceQuality "1"]
[WhiteTeam "Senica Dragon"]
[BlackTeam "Chtelnica Kamenar"]
[WhiteTeamCountry "SVK"]
[BlackTeamCountry "SVK"]

1. e4 e5 2. Nf3 d6 3. Bc4 h6 4. Nc3 Nf6 5. h3 Nc6 6. d3 Be7 7. Be3 Na5 8. Bb3 Nxb3 9. axb3 a6 10. 0-0 0-0 11. Nh2 Be6 12. f4 exf4 13. Bxf4 Nh7 14. Nf3 Ng5 15. Qd2 Nxf3+ 16. Rxf3 Kh7 17. Raf1 f6 18. Ne2 Bf7 19. Nd4 Qd7 20. Nf5 g5 21. Be3 Bg6 22. Bd4 Bxf5 23. Rxf5 Kg6 24. Qf2 Qe6 25. h4 b5 26. Be3 Rg8 27. Qf3 Raf8 28. Kf2 c5 29. Rh1 Rh8 30. Qg4 h5 31. Qf3 g4 32. Qf4 a5 33. Ra1 Bd8 34. Rd5 Bc7 35. Bxc5 Rd8 36. Bd4 b4 37. Qf5+ Qxf5+ 38. Rxf5 Rhf8 39. Ke2 Rd7 40. Raf1 Rdf7 41. Rd5 Rc8 42. Rff5 Rff8 43. Rxh5 Bd8 44. Kd2 Bc7 45. Rhf5 Rf7 46. Ke3 Rg8 47. Kf4 Kg7 48. Kxg4 Kf8+ 49. Kf3 Ke7 50. g4 Ke6 51. Rb5 Bd8 52. c3 bxc3 53. bxc3 Rfg7 54. Rf4 Rg6 55. Bb6 Bxb6 56. Rxb6 Ra8 57. d4 a4 58. bxa4 Rxa4 59. Rb7 d5 60. Rb6+ Ke7 61. exd5 Rc4 62. Re4+ Kd7 63. Re3 Rc7 64. g5 Rg8 65. Rxf6 Rgc8 66. Rf7+ Kd6 67. Rxc7 Rxc7 68. h5 Kxd5 69. h6 Rf7+ 70. Kg4 1-0

[Event "SVK-chT4A21 1213"]
[Site "Slovakia"]
[Date "2013.01.20"]
[Round "7.5"]
[White "Hrubsa, Marian"]
[Black "Piestansky, Jan"]
[Result "1-0"]
[WhiteElo "1820"]
[BlackElo "1588"]
[PlyCount "77"]
[EventDate "2012.10.14"]
[EventType "team-tourn"]
[EventRounds "11"]
[EventCountry "SVK"]
[SourceTitle "EXT 2022"]
[Source "ChessBase"]
[SourceDate "2021.10.06"]
[SourceVersion "1"]
[SourceVersionDate "2021.10.06"]
[SourceQuality "1"]
[WhiteTeam "Skalica II"]
[BlackTeam "Chtelnica Kamenar"]
[WhiteTeamCountry "SVK"]
[BlackTeamCountry "SVK"]

1. e4 e5 2. Nf3 d6 3. Nc3 h6 4. d4 exd4 5. Qxd4 Nc6 6. Bb5 Bd7 7. Bxc6 Bxc6 8. 0-0 Be7 9. Re1 Qd7 10. Bd2 Kf8 11. Rad1 b6 12. Bc1 Re8 13. Qc4 b5 14. Qb3 a6 15. Ne5 Qe6 16. Qxe6 fxe6 17. Nxc6 Bf6 18. e5 dxe5 19. Nxe5 Bxe5 20. Rxe5 Nf6 21. Rc5 Nd5 22. Nxd5 exd5 23. Rcxd5 Kg8 24. Rd7 c5 25. Be3 c4 26. Bd4 Rh7 27. Bc3 g5 28. Kf1 Rhe7 29. Rxe7 Rxe7 30. Rd6 Kh7 31. Rxa6 Rb7 32. Bd4 h5 33. Ra7 Rxa7 34. Bxa7 Kg6 35. b3 Kf5 36. bxc4 bxc4 37. c3 Ke4 38. Ke2 g4 39. a4 1-0

[Event "SVK-chT4A21 1213"]
[Site "Slovakia"]
[Date "2013.01.06"]
[Round "6.5"]
[White "Piestansky, Jan"]
[Black "Gajarsky, Jakub"]
[Result "1/2-1/2"]
[WhiteElo "1588"]
[BlackElo "1587"]
[PlyCount "87"]
[EventDate "2012.10.14"]
[EventType "team-tourn"]
[EventRounds "11"]
[EventCountry "SVK"]
[SourceTitle "EXT 2022"]
[Source "ChessBase"]
[SourceDate "2021.10.06"]
[SourceVersion "1"]
[SourceVersionDate "2021.10.06"]
[SourceQuality "1"]
[WhiteTeam "Chtelnica Kamenar"]
[BlackTeam "Modranka Komplet Juniors"]
[WhiteTeamCountry "SVK"]
[BlackTeamCountry "SVK"]

1. e4 c5 2. Nf3 d6 3. h3 Nf6 4. Bd3 g6 5. c3 Bg7 6. Bc2 0-0 7. d3 Nc6 8. Bg5 b5 9. 0-0 Rb8 10. Nbd2 b4 11. c4 Nd7 12. Rc1 Nde5 13. Nxe5 Nxe5 14. f4 Nc6 15. Nf3 Nd4 16. Nxd4 Bxd4+ 17. Kh2 Qc7 18. Bh4 e6 19. Bf2 Bg7 20. Bg3 f5 21. Qe2 Qa5 22. Bb3 Bb7 23. Bh4 Rfe8 24. exf5 exf5 25. Qd2 Bc6 26. Rfe1 Qc7 27. Bg3 Qb7 28. Re2 Rxe2 29. Qxe2 Re8 30. Qd2 Qa8 31. a4 Re6 32. Re1 Qe8 33. Rxe6 Qxe6 34. Bd1 Kf7 35. b3 Bf6 36. Qe1 Qxe1 37. Bxe1 Ke6 38. Kg3 Kd7 39. Bf3 Bxf3 40. Kxf3 Ke6 41. Bf2 Kd7 42. Be3 Kc6 43. g4 a6 44. g5 1/2-1/2